Welcome to the Holygrace Academy Library

Please use search bar below to get started

BUDDHIST INDIA (Record no. 5080)

MARC details
000 -LEADER
fixed length control field 00618nam a22001457a 4500
020 ## - INTERNATIONAL STANDARD BOOK NUMBER
ISBN 81-208-0425-2
082 ## - DEWEY DECIMAL CLASSIFICATION NUMBER
Classification number 200
Item number DAV/B
100 ## - MAIN ENTRY--AUTHOR NAME
Personal name DAVIS, RHYS T W
245 ## - TITLE STATEMENT
Title BUDDHIST INDIA
260 ## - PUBLICATION, DISTRIBUTION, ETC. (IMPRINT)
Place of publication DELHI
Name of publisher MOTILAL BANARASIDASS
Year of publication 1997
300 ## - PHYSICAL DESCRIPTION
Number of Pages 332
520 ## - SUMMARY, ETC.
Summary, etc This book describes ancient India from the perspectives of Brahmins and Rajputs. It provides information about ancient times when Buddhism was in a powerful state. The chapters bring forth the knowledge of rulers, their clans, the villages, the social grades, the language and literature, and the religion.
650 ## - SUBJECT ADDED ENTRY--TOPICAL TERM
Topical Term RELIGIOUS
Geographic subdivision INDIA
942 ## - ADDED ENTRY ELEMENTS (KOHA)
Koha item type Books
Holdings
Withdrawn status Lost status Collection code Home library Current library Shelving location Date acquired Source of acquisition Full call number Accession Number Koha item type
    Non-fiction Main Library Main Library SHELF 15 C-RELIGIOUS 14/07/2016 purchase 200 DAV/B 04352 Books
    Non-fiction Main Library Main Library SHELF 15 C-RELIGIOUS 14/07/2016 purchase 200 DAV/B 04351 Books
    Non-fiction Main Library Main Library SHELF 15 C-RELIGIOUS 14/07/2016 purchase 200 DAV/B 04353 Books